[Event "GER-Cup17 qual-03 Server email"]
[Site "GER email"]
[Date "2008.08.31"]
[Round "?"]
[White "Berger, Alfred"]
[Black "Boos, Markus"]
[Result "1-0"]
[WhiteElo "2115"]
[BlackElo "1833"]
[PlyCount "81"]
[EventDate "2008.??.??"]
[EventType "tourn (corr)"]
[EventRounds "6"]
[EventCountry "GER"]
[SourceTitle "Corr 2011"]
[Source "ChessBase"]
[SourceDate "2010.08.31"]
[SourceVersion "1"]
[SourceVersionDate "2010.08.31"]
[SourceQuality "1"]

1. Nc3 d5 2. e4 c6 3. Qf3 dxe4 4. Nxe4 Nd7 5. d4 Ndf6 6. Bd3 Qxd4 7. Ne2 Qe5 8. h3 Nxe4 9. Bxe4 Qc7 10. Bf4 e5 11. Bxe5 Qxe5 12. Bxc6+ Kd8 13. 0-0-0+ Kc7 14. Bxb7 Bxb7 15. Rd7+ Kxd7 16. Qxb7+ Ke6 17. Qxa8 Bd6 18. Rd1 Ne7 19. Qxh8 Qxe2 20. Qd8 Bf4+ 21. Kb1 f5 22. Qd3 Qxd3 23. Rxd3 Bd6 24. c4 Bc5 25. f3 f4 26. Rb3 Bb6 27. Kc2 Nc6 28. Kc3 h6 29. Rb5 Bf2 30. b3 Ne5 31. b4 Be1+ 32. Kb3 Bf2 33. c5 Nc6 34. Ka4 Kd5 35. Rb7 g6 36. Rg7 Kc4 37. b5 Nd4 38. b6 axb6 39. cxb6 Nc6 40. Rxg6 Nd8 41. Rxh6 1-0

[Event "GER HS-027 email"]
[Site "GER email"]
[Date "2008.07.22"]
[Round "?"]
[White "Berger, Alfred"]
[Black "Erlbeck, Peter"]
[Result "1-0"]
[WhiteElo "2115"]
[BlackElo "1744"]
[PlyCount "55"]
[EventDate "2008.??.??"]
[EventType "tourn (corr)"]
[EventRounds "6"]
[EventCountry "GER"]
[SourceTitle "Corr 2011"]
[Source "ChessBase"]
[SourceDate "2010.08.31"]
[SourceVersion "1"]
[SourceVersionDate "2010.08.31"]
[SourceQuality "1"]

1. Nc3 e6 2. Nf3 d5 3. e4 Nf6 4. e5 Nfd7 5. d4 c5 6. Ne2 Nc6 7. c3 b5 8. Nf4 Qb6 9. Be3 a5 10. Bd3 b4 11. 0-0 Ba6 12. Bxa6 Qxa6 13. Ng5 Nd8 14. Qh5 g6 15. Qh3 bxc3 16. bxc3 Rb8 17. Qg4 Be7 18. Nf3 h5 19. Qg3 Qc4 20. Rfc1 Rb2 21. a3 a4 22. h4 cxd4 23. cxd4 Rc2 24. Ng5 Rxc1+ 25. Rxc1 Qa6 26. Bd2 Qb6 27. Bb4 Bxb4 28. Nxf7 1-0

[Event "GER HS-027 email"]
[Site "GER email"]
[Date "2008.07.22"]
[Round "?"]
[White "Pupke, Peter"]
[Black "Berger, Alfred"]
[Result "1/2-1/2"]
[WhiteElo "2013"]
[BlackElo "2115"]
[PlyCount "55"]
[EventDate "2008.??.??"]
[EventType "tourn (corr)"]
[EventRounds "6"]
[EventCountry "GER"]
[SourceTitle "Corr 2011"]
[Source "ChessBase"]
[SourceDate "2010.08.31"]
[SourceVersion "1"]
[SourceVersionDate "2010.08.31"]
[SourceQuality "1"]

1. d4 d5 2. c4 Nc6 3. cxd5 Qxd5 4. Nf3 e5 5. Nc3 Bb4 6. Bd2 Bxc3 7. Bxc3 e4 8. Ne5 e3 9. Nxc6 exf2+ 10. Kxf2 bxc6 11. e4 Qxe4 12. Bd3 Qf4+ 13. Qf3 Qxf3+ 14. gxf3 Ne7 15. d5 cxd5 16. Bxg7 Rg8 17. Bf6 Bh3 18. Rhg1 Rxg1 19. Rxg1 Kd7 20. Bxh7 Bf5 21. Re1 Ng6 22. h4 Nxh4 23. Re7+ Kd6 24. Rxf7 Bxh7 25. Rxh7 Nf5 26. f4 c6 27. Be5+ Kc5 28. Ke2 1/2-1/2

[Event "GER HS-027 email"]
[Site "GER email"]
[Date "2008.07.22"]
[Round "?"]
[White "Unterberg, Marcus"]
[Black "Berger, Alfred"]
[Result "0-1"]
[WhiteElo "1882"]
[BlackElo "2115"]
[PlyCount "104"]
[EventDate "2008.??.??"]
[EventType "tourn (corr)"]
[EventRounds "6"]
[EventCountry "GER"]
[SourceTitle "Corr 2011"]
[Source "ChessBase"]
[SourceDate "2010.08.31"]
[SourceVersion "1"]
[SourceVersionDate "2010.08.31"]
[SourceQuality "1"]

1. e4 e6 2. d4 d5 3. Nc3 Bb4 4. e5 c5 5. a3 Bxc3+ 6. bxc3 Ne7 7. Qg4 0-0 8. Bd3 Nbc6 9. Qh5 Ng6 10. Nf3 Qc7 11. 0-0 c4 12. Bxg6 fxg6 13. Qh3 Bd7 14. a4 Qa5 15. Bd2 Rf5 16. Rfb1 b6 17. Rb5 Qa6 18. Rbb1 Raf8 19. Qg3 Qa5 20. Rb5 Qa6 21. Rbb1 Be8 22. Bc1 Qa5 23. Ba3 Qxc3 24. Bxf8 Rxf8 25. Qg4 Bd7 26. Rc1 h6 27. Qxg6 Rxf3 28. gxf3 Nxd4 29. Kh1 Qxf3+ 30. Qg2 Qf4 31. f3 Bc6 32. Rf1 Qxe5 33. a5 b5 34. Rae1 Qf6 35. f4 b4 36. Re5 Ba4 37. Qf2 Nc6 38. Re2 c3 39. Rg1 d4 40. Qg3 Ne7 41. h3 Nf5 42. Qf3 b3 43. cxb3 Bxb3 44. Kh2 Bd5 45. Qd3 Nd6 46. Rf2 Ne4 47. Rff1 Nd2 48. Rf2 Bc4 49. Qc2 d3 50. Qa4 c2 51. Qe8+ Kh7 52. Qc6 Qd4 0-1

[Event "GER-chT KG-33 email"]
[Site "GER email"]
[Date "2007.10.25"]
[Round "?"]
[White "Berger, Alfred"]
[Black "Hauff, Andre"]
[Result "1/2-1/2"]
[WhiteElo "2315"]
[BlackElo "2391"]
[PlyCount "105"]
[EventDate "2007.??.??"]
[EventType "tourn (corr)"]
[EventRounds "6"]
[EventCountry "GER"]
[SourceTitle "Corr 2011"]
[Source "ChessBase"]
[SourceDate "2010.08.31"]
[SourceVersion "1"]
[SourceVersionDate "2010.08.31"]
[SourceQuality "1"]

1. Nc3 c5 2. Nf3 d6 3. d4 cxd4 4. Nxd4 Nf6 5. Bg5 Nc6 6. e4 e6 7. Qd2 a6 8. 0-0-0 Bd7 9. f3 Be7 10. h4 h6 11. Be3 h5 12. Kb1 Ne5 13. Bg5 b5 14. Nce2 Nc4 15. Qe1 Qc7 16. Ng3 g6 17. f4 Ng4 18. Bxe7 Kxe7 19. Bxc4 bxc4 20. e5 d5 21. Nf1 Rhb8 22. Ne3 Qb7 23. b3 Nxe3 24. Qxe3 a5 25. a3 Ra6 26. g4 hxg4 27. h5 cxb3 28. cxb3 Ba4 29. Rd3 Rb6 30. Kc2 gxh5 31. Rxh5 Rc8+ 32. Kd1 Rxb3 33. Nxb3 d4 34. Rxd4 Bxb3+ 35. Ke1 Qf3 36. Rd3 Qxe3+ 37. Rxe3 Rc1+ 38. Kf2 Bd5 39. Rg5 Bf3 40. Rg8 Rc2+ 41. Kg3 f5 42. Rg7+ Kf8 43. Rg6 Kf7 44. Rh6 Rg2+ 45. Kh4 Rh2+ 46. Kg5 Rxh6 47. Kxh6 Bd5 48. Rc3 Ke8 49. a4 Kd7 50. Kg5 Bc6 51. Kf6 Bd5 52. Rd3 Kc6 53. Rc3+ 1/2-1/2

[Event "GER-chT KG-33 email"]
[Site "GER email"]
[Date "2007.10.25"]
[Round "?"]
[White "Fichtner, Bernd"]
[Black "Berger, Alfred"]
[Result "1/2-1/2"]
[WhiteElo "2284"]
[BlackElo "2315"]
[PlyCount "45"]
[EventDate "2007.??.??"]
[EventType "tourn (corr)"]
[EventRounds "6"]
[EventCountry "GER"]
[SourceTitle "Corr 2011"]
[Source "ChessBase"]
[SourceDate "2010.08.31"]
[SourceVersion "1"]
[SourceVersionDate "2010.08.31"]
[SourceQuality "1"]

1. d4 d5 2. c4 Nc6 3. cxd5 Qxd5 4. Nf3 e5 5. Nc3 Bb4 6. Bd2 Bxc3 7. Bxc3 e4 8. Ne5 e3 9. Nxc6 exf2+ 10. Kxf2 bxc6 11. e4 Qxe4 12. Bd3 Qf4+ 13. Qf3 Qxf3+ 14. gxf3 Ne7 15. d5 cxd5 16. Bxg7 Rg8 17. Bf6 Bh3 18. Rag1 Rxg1 19. Rxg1 Kd7 20. Bxh7 Bf5 21. Bxe7 Bxh7 22. Bc5 Rb8 23. b3 1/2-1/2

[Event "GER-Cup17 qual-03 Server email"]
[Site "GER email"]
[Date "2007.07.23"]
[Round "?"]
[White "Berger, Alfred"]
[Black "Middendorf, Roman"]
[Result "0-1"]
[WhiteElo "2115"]
[BlackElo "1800"]
[PlyCount "50"]
[EventDate "2007.??.??"]
[EventType "tourn (corr)"]
[EventRounds "6"]
[EventCountry "GER"]
[SourceTitle "Corr 2008"]
[Source "ChessBase"]
[SourceDate "2008.06.24"]
[SourceVersion "1"]
[SourceVersionDate "2008.06.24"]
[SourceQuality "1"]

1. Nc3 d5 2. e4 d4 3. Nce2 Nc6 4. f4 e5 5. Nf3 exf4 6. Nxf4 g5 7. Nd5 g4 8. Bb5 gxf3 9. Qxf3 Be6 10. d3 a6 11. Ba4 Bd6 12. 0-0 b5 13. Bb3 Ne5 14. Qg3 Ng6 15. Qf3 c6 16. a4 Ra7 17. axb5 cxd5 18. exd5 Bc8 19. bxa6 Qb6 20. Bd2 f5 21. Rae1+ Kf8 22. Bc4 h5 23. Bg5 Nh6 24. h3 Ng4 25. hxg4 hxg4 0-1

[Event "GER Pyramid email"]
[Site "GER email"]
[Date "2007.06.10"]
[Round "?"]
[White "Berger, Alfred"]
[Black "Nikel, Bogdan"]
[Result "1/2-1/2"]
[WhiteElo "2315"]
[BlackElo "2285"]
[PlyCount "87"]
[EventDate "2007.??.??"]
[EventType "game (corr)"]
[EventCountry "GER"]
[SourceTitle "Corr 2020"]
[Source "ChessBase"]
[SourceDate "2019.09.30"]
[SourceVersion "1"]
[SourceVersionDate "2019.09.30"]
[SourceQuality "1"]

1. Nc3 d5 2. e4 dxe4 3. Nxe4 Bf5 4. Ng3 Bg6 5. h4 h6 6. Nf3 Nd7 7. Bc4 Ngf6 8. d3 e6 9. Qe2 c6 10. Bd2 b5 11. Bb3 a5 12. 0-0 Bd6 13. Bxe6 fxe6 14. Qxe6+ Qe7 15. Rfe1 Kf8 16. a4 Qxe6 17. Rxe6 Bxg3 18. fxg3 b4 19. Rxc6 Kf7 20. Rc7 Ke6 21. Re1+ Kd5 22. g4 Rhd8 23. g5 hxg5 24. hxg5 Ng4 25. Rc4 Bf5 26. Rd4+ Kc5 27. Rf4 g6 28. Nd4 Re8 29. Rxe8 Rxe8 30. Nxf5 gxf5 31. Rxf5+ Nge5 32. c3 bxc3 33. Bxc3 Kd6 34. d4 Nc6 35. Kf2 Nb6 36. Bxa5 Nxa4 37. Bc3 Nb6 38. g6 Nd5 39. Rg5 Nd8 40. g7 Rg8 41. Kf3 Ne6 42. Rg6 Ndf4 43. Rh6 Nd5 44. Rg6 1/2-1/2